000 00346nam a2200145Ia 4500
008 210312s9999||||xx |||||||||||||| ||und||
041 _aosm
050 _aPL237
050 _bT28.N47
100 _aTarhan, Abdülhak Hamit
245 0 _aNesteren
245 0 _bMukaffa bir facia
260 _c1293
650 _aEdebiyat--Türk edebiyatı--Tiyatro
999 _c22188
_d22188